Đất và cây trồng; T2 tài liệu kĩ thuật nông nghiệp đồng bằng sông Cửu Long

Zapisane w:
Opis bibliograficzny
1. autor: Đỗ Thị Thanh Ren
Format: Książka
Język:Undetermined
Wydane: Hà Nội Giáo dục 1984
Hasła przedmiotowe:
Etykiety: Dodaj etykietę
Nie ma etykietki, Dołącz pierwszą etykiete!
Thư viện lưu trữ: Trung tâm Học liệu Trường Đại học Cần Thơ
LEADER 00583nam a2200181Ia 4500
001 CTU_12430
008 210402s9999 xx 000 0 und d
082 |a 631.4 
082 |b R203/T2 
100 |a Đỗ Thị Thanh Ren 
245 0 |a Đất và cây trồng; T2 
245 0 |b tài liệu kĩ thuật nông nghiệp đồng bằng sông Cửu Long 
245 0 |c Đỗ Thị Thanh Ren 
260 |a Hà Nội 
260 |b Giáo dục 
260 |c 1984 
650 |a plant-soil relationships 
980 |a Trung tâm Học liệu Trường Đại học Cần Thơ